ロード中...

Vijay Tendulkar: omnibus

書誌詳細
主要な著者: Makarand Sathe; Editor, Vijay Tendulkar; Author
フォーマット: Printed Book
出版事項: New Delhi, Arvind Kumar Publishers 2007
主題:
LEADER 007400000a22002410004500
020 |a 81-8452-003-4 
082 |a 891.462 VIJ/O 111P7 
100 |a Makarand Sathe; Editor 
100 |a Vijay Tendulkar; Author 
245 |a Vijay Tendulkar: omnibus 
250
260 |a New Delhi, Arvind Kumar Publishers 
260 |c 2007 
460 |a 345p 
465 |a Rs.495.00 
500 |a ed by Makarand Sathe 
650 |a Marathi drama 
650 |a Marathi essays 
650 |a Marathi fiction 
650 |a Short stories, Marathi 
942 |c BK 
999 |c 38208  |d 38208 
952 |0 0  |1 0  |4 0  |6 891_462000000000000_VIJO_111P7  |7 0  |8 ENG  |9 38735  |a MGUL  |b MGUL  |d 2013-07-16  |e Rs.495.00  |l 1  |o 891.462 VIJ/O 111P7  |p 37502  |r 2014-05-19  |s 2014-04-25  |w 2013-07-16  |y BK